000 00452nam a2200181Ia 4500
001 16424
005 20260306170308.0
008 260306t2021||||xx |||||||||||||| ||und||
041 _aESP
082 _a348.6
_bC34C
100 _aCastillo Guzmán, Jorge
_eAUT
245 0 _aCompendio de precedentes administrativos laborales
260 _c2021
300 _a383 páginas :
_c25 cm.
650 _aGEN
654 _aCDE
942 _cLIB
_dJUS
_fJUS
_2ddc
_n
999 _c16424
_d16424